000 00542nam a2200205Ia 4500
005 20250923144622.0
008 008 250917s9999 xx 000 0 eng d
037 _aTextual
040 _aDSWL
_beng
_cDSWL
041 _aeng
_2eng
084 _qDSWL
100 _aLockwood, David
_9826692
245 4 _aThe Blackcoated worker
_cby David Lockwood
260 _aLondon
_bRuskin House George Allen & Unwin
_c1958
300 _a224p.
365 _aINR
_b21
925 _g21
942 _cTEXL
999 _c1441238
_d1441238